| 000 | 00687nam a2200181 a 4500 | ||
|---|---|---|---|
| 008 | 080418s2008 ||||||||||||||||| || u | ||
| 050 | _aIBRD(08)WP | ||
| 100 | _aBerrisford, Stephen | ||
| 245 | 1 | 0 | _aIn search of land and housing in the new South Africa: the case of Ethembalethu |
| 260 |
_aWashington, D.C. _bWorld Bank _c2008 |
||
| 300 | _axiv, 40p. :ill | ||
| 350 | _a0.00 | ||
| 490 | _aWorld Bank Working Papers | ||
| 650 | _aHOUSING--SOUTH AFRICA | ||
| 650 | _aLAND SETTLEMENT--SOUTH AFRICA | ||
| 710 | _aWorld Bank | ||
| 995 |
_D0.00 _FCBU-MAIN LIBRARY (Kitwe) _H1 _I0.00 _M1 _UAVAILABLE _WApr 24, 2008 _ZInternational Publications |
||
| 999 |
_c46548 _d46548 |
||